|
|
|
|
| LEADER |
007420000a22002410004500 |
| 020 |
|
|
|a 978-0-12-125751-4
|
| 082 |
|
|
|a 547.413 P4
|
| 100 |
|
|
|a Brandsma, Lambert; Author
|
| 245 |
|
|
|a Synthesis of acetylenes, allenes and cumulenes: methods and techniques
|
| 250 |
|
|
|
| 260 |
|
|
|a New York, Elsevier
|
| 260 |
|
|
|c 2004
|
| 460 |
|
|
|a xxxii, 469p
|
| 465 |
|
|
|a Rs.0.00
|
| 490 |
|
|
|a Best synthetic methods
|
| 500 |
|
|
|a Includes bibliographical references
|
| 500 |
|
|
|a Lambert Brandsma
|
| 650 |
|
|
|a Acetylene compounds
|
| 650 |
|
|
|a Allene
|
| 650 |
|
|
|a Cumulenes
|
| 942 |
|
|
|c BK
|
| 999 |
|
|
|c 49677
|d 49677
|
| 952 |
|
|
|0 0
|1 0
|4 0
|6 547_413000000000000_P4
|7 0
|8 ENG
|9 50409
|a MGUL
|b MGUL
|d 2013-07-16
|e Rs.0.00
|l 0
|o 547.413 P4
|p 47546
|r 2013-07-16
|w 2013-07-16
|y BK
|